Linguistic typology (Record no. 107609)

MARC details
000 -LEADER
fixed length control field 01363cas a22003615a 4500
001 - CONTROL NUMBER
control field vtls003127959
003 - CONTROL NUMBER IDENTIFIER
control field MY-SjTCS
005 - DATE AND TIME OF LATEST TRANSACTION
control field 20251208132222.0
006 - FIXED-LENGTH DATA ELEMENTS--ADDITIONAL MATERIAL CHARACTERISTICS
fixed length control field m d ||||||
007 - PHYSICAL DESCRIPTION FIXED FIELD--GENERAL INFORMATION
fixed length control field cr anunnnuuuaa
008 - FIXED-LENGTH DATA ELEMENTS--GENERAL INFORMATION
fixed length control field 970609c19979999gw tr p 0 0eng d
022 ## - INTERNATIONAL STANDARD SERIAL NUMBER
International Standard Serial Number 1430-0532
035 ## - SYSTEM CONTROL NUMBER
System control number (EbpS)ebs576977
039 #9 - LEVEL OF BIBLIOGRAPHIC CONTROL AND CODING DETAIL [OBSOLETE]
Level of rules in bibliographic description 201205090931
Level of effort used to assign nonsubject heading access points stazrina
Level of effort used to assign subject headings 200812260849
Level of effort used to assign classification VLOAD
050 14 - LIBRARY OF CONGRESS CALL NUMBER
Classification number P204
Item number .L564
245 00 - TITLE STATEMENT
Title Linguistic typology
Medium [electronic resource].
246 13 - VARYING FORM OF TITLE
Title proper/short title LT
260 ## - PUBLICATION, DISTRIBUTION, ETC.
Place of publication, distribution, etc. Berlin ;
-- New York :
Name of publisher, distributor, etc. Mouton de Gruyter,
Date of publication, distribution, etc. c1997-
310 ## - CURRENT PUBLICATION FREQUENCY
Current publication frequency Three issues per year
362 0# - DATES OF PUBLICATION AND/OR SEQUENTIAL DESIGNATION
Dates of publication and/or sequential designation Vol. 1-1 (1997)-
500 ## - GENERAL NOTE
General note Published for the Association for Linguistic Typology.
500 ## - GENERAL NOTE
General note Latest issue consulted: Vol. 5-1 (2001).
500 ## - GENERAL NOTE
General note Academic Journal
530 ## - ADDITIONAL PHYSICAL FORM AVAILABLE NOTE
Additional physical form available note Indexing and abstracting for print publication.
650 #0 - SUBJECT ADDED ENTRY--TOPICAL TERM
Topical term or geographic name entry element Typology (Linguistics)
Form subdivision Periodicals.
650 #0 - SUBJECT ADDED ENTRY--TOPICAL TERM
Topical term or geographic name entry element Linguistics
Form subdivision Periodicals.
650 #6 - SUBJECT ADDED ENTRY--TOPICAL TERM
Topical term or geographic name entry element Typologie (Linguistique)
Form subdivision Périodiques.
650 #6 - SUBJECT ADDED ENTRY--TOPICAL TERM
Topical term or geographic name entry element Linguistique
Form subdivision Périodiques.
650 17 - SUBJECT ADDED ENTRY--TOPICAL TERM
Topical term or geographic name entry element Taaltypologie.
Source of heading or term gtt
710 2# - ADDED ENTRY--CORPORATE NAME
Corporate name or jurisdiction name as entry element Association for Linguistic Typology.
773 0# - HOST ITEM ENTRY
Title Academic Source Complete
Place, publisher, and date of publication Ipswich, MA : EBSCO Publishing, 1999-
856 40 - ELECTRONIC LOCATION AND ACCESS
Materials specified Abstracts Available: Feb 2001-
Public note Available on EBSCOhost.
Uniform Resource Identifier https://ezproxy.taylors.edu.my/login?url=https://search.ebscohost.com/direct.asp?db=a9h&jid=9EM
Holdings
Withdrawn status Lost status Damaged status Not for loan Home library Current library Date acquired Total Checkouts Date last seen Price effective from Koha item type
      e-journal Taylor's Library-TU Taylor's Library-TU 10/12/2025   10/12/2025 10/12/2025 Journals